000 00653nam a2200241Ia 4500
008 160803s9999 xx 000 0 und d
020 _a159643628X
100 _aMazer, Anne
245 _aSpilling ink :
245 _ba young writer's handbook /
245 _cby Anne Mazer and Ellen Potter ; illustrated by Matt Phelan.
260 _aNew York :
260 _bScholastic Inc.
260 _c2010
300 _axi, 275 pages :
300 _billustrations ;
300 _c22 cm
650 _aAuthorship --
650 _aFiction -- Authorship --
650 _xJuvenile literature.
650 _xJuvenile literature.
700 _a830
999 _c299819
_d299819